La constitucin̤ de la adopcin̤ anl̀isis desde el Cd̤igo de familia catalǹ /

Detalles Bibliográficos
Autor principal: Llc̀er Matacs̀, Mara̕ Rosa
Formato: Desconocido
Lenguaje:español
Publicado: Madrid : Dykinson, D.L. 2004
Materias:
Acceso en línea:Acceso restringido

MARC

LEADER 00000ny a22000003n 4500
005 20110531134517.0
008 041112s2004 sp s 001 0 spa c
017 |a D.L.SE1924-2004 
020 |a 8497723864 
035 |a 635 
040 |a SpMaUCDE   |d vLex 
040 |a UMA.RE  |d vLex 
080 |a 347.633(460.23) 
090 |c 383  |d 383 
100 1 |a Llc̀er Matacs̀, Mara̕ Rosa 
245 1 3 |a La constitucin̤ de la adopcin̤  |h [Recurso electrn̤ico]  |b anl̀isis desde el Cd̤igo de familia catalǹ /  |c Mara̕ Rosa Llc̀er Matacs̀ 
256 |a Servicio en ln̕ea 
260 |a Madrid :  |b Dykinson,  |c D.L. 2004 
300 |a 138 p. ;  |c 21 cm 
504 |a Bibliografa̕: p.[131-138] 
506 1 |a Contenido solo disponible en los productos indicados  |d vLex Global  |d vLex Global (Academic Edition, excluding Law Schools)  |d vLex Global (U.S. Academic Edition, Law Schools)  |d vLex Global (U.S. Academic Edition, excluding Law Schools)  |d vLex Global (Academic Edition, Law Schools) 
650 0 7 |a Adopcin̤  |2 Tesauro vLex 
650 0 7 |a Familia  |2 Tesauro vLex 
650 0 7 |a Adopcin̤  |2 Tesauro vLex 
740 0 |a vLex Libros (Servicios en ln̕ea) 
856 4 0 |u http://vlex.com/source/635  |z Acceso restringido 
942 |c BOOK 
999 0 |a Adoption  |b Madrid